<?xml version="1.0" encoding="UTF-8"?>
<record
    xmlns:xsi="http://www.w3.org/2001/XMLSchema-instance"
    xsi:schemaLocation="http://www.loc.gov/MARC21/slim http://www.loc.gov/standards/marcxml/schema/MARC21slim.xsd"
    xmlns="http://www.loc.gov/MARC21/slim">

  <leader>03319cam a2200337   4500500</leader>
  <controlfield tag="005">20250125132311.0</controlfield>
  <datafield tag="041" ind1=" " ind2=" ">
    <subfield code="a">fre</subfield>
  </datafield>
  <datafield tag="042" ind1=" " ind2=" ">
    <subfield code="a">dc</subfield>
  </datafield>
  <datafield tag="100" ind1="1" ind2="0">
    <subfield code="a">Porta, J&#xE9;r&#xF4;me</subfield>
    <subfield code="e">author</subfield>
  </datafield>
  <datafield tag="245" ind1="0" ind2="0">
    <subfield code="a">Le droit du travail en changement</subfield>
  </datafield>
  <datafield tag="260" ind1=" " ind2=" ">
    <subfield code="c">2019.
							</subfield>
  </datafield>
  <datafield tag="500" ind1=" " ind2=" ">
    <subfield code="a">11</subfield>
  </datafield>
  <datafield tag="520" ind1=" " ind2=" ">
    <subfield code="a">Le droit du travail a connu de nombreuses r&#xE9;formes depuis le milieu des ann&#xE9;es 1980, son architecture ayant en particulier &#xE9;t&#xE9; profond&#xE9;ment remodel&#xE9;e au cours de cette derni&#xE8;re d&#xE9;cennie. Signe d&#x2019;un basculement dans la compr&#xE9;hension de leur port&#xE9;e, un questionnement se fait jour au-del&#xE0; du seul constat de la mise en cause des protections offertes par le droit du travail&#xA0;: ces transformations ne correspondraient-elles pas &#xE0; l&#x2019;&#xE9;mergence d&#x2019;un nouveau &#xAB;&#xA0;mod&#xE8;le&#xA0;&#xBB;, voire d&#x2019;un nouveau &#xAB;&#xA0;paradigme&#xA0;&#xBB;&#xA0;? Pourtant la d&#xE9;finition de cette nouvelle id&#xE9;e du droit du travail ne fait pas consensus. Au contraire, ses &#xE9;volutions sont d&#xE9;sormais sujettes &#xE0; conflits d&#x2019;interpr&#xE9;tations. L&#x2019;&#xE9;mergence de ce questionnement n&#x2019;en m&#xE9;rite que plus d&#x2019;&#xEA;tre pris au s&#xE9;rieux. En effet, annoncer l&#x2019;&#xE9;mergence d&#x2019;un nouveau &#xAB;&#xA0;mod&#xE8;le&#xA0;&#xBB; ou &#xAB;&#xA0;paradigme&#xA0;&#xBB;, ce n&#x2019;est pas seulement tenter de d&#xE9;crire l&#x2019;ampleur des changements de la r&#xE9;glementation du travail. Cette affirmation est surtout r&#xE9;v&#xE9;latrice de la fragilisation des cadres d&#x2019;interpr&#xE9;tation qui structurent la discipline du droit du travail. C&#x2019;est &#xE0; l&#x2019;&#xE9;tude de ces &#xAB;&#xA0;interpr&#xE9;tations&#xA0;&#xBB; et des conflits n&#xE9;s de leur pluralit&#xE9; qu&#x2019;est consacr&#xE9; cet article.</subfield>
  </datafield>
  <datafield tag="520" ind1=" " ind2=" ">
    <subfield code="a">Labour law has undergone many reforms since the mid-1980s and its architecture has been profoundly reshaped over the last decade. As a sign of a shift in the understanding of their scope, a questioning is emerging beyond the mere observation that the protections offered by labour law are being challenged&#xA0;: would these transformations be linked to the emergence of a new &#x201C;model&#x201D;, or even a new &#x201C;paradigm&#x201D;&#xA0;? However, there is no consensus regarding the definition of this new paradigm or model. On the contrary, its developments are now subject to conflicts of interpretation. The emergence of this questioning must be taken seriously. Indeed, announcing the emergence of a new &#x201C;model&#x201D; or &#x201C;paradigm&#x201D; is not just an attempt to describe the extent of changes in labour law. This statement is particularly revealing of the weakening of the interpretative frameworks that structure the discipline of labour law. This contribution is devoted to the study of these &#x201C;interpretations&#x201D; and the conflicts arising from their plurality.JEL&#xA0;: J21, J81, J83, K31</subfield>
  </datafield>
  <datafield tag="690" ind1=" " ind2=" ">
    <subfield code="a">droits de la personne au travail</subfield>
  </datafield>
  <datafield tag="690" ind1=" " ind2=" ">
    <subfield code="a">r&#xE9;formes du droit du travail</subfield>
  </datafield>
  <datafield tag="690" ind1=" " ind2=" ">
    <subfield code="a">principes essentiels</subfield>
  </datafield>
  <datafield tag="690" ind1=" " ind2=" ">
    <subfield code="a">travail d&#xE9;cent</subfield>
  </datafield>
  <datafield tag="690" ind1=" " ind2=" ">
    <subfield code="a">adaptation &#xE0; l&#x2019;entreprise</subfield>
  </datafield>
  <datafield tag="690" ind1=" " ind2=" ">
    <subfield code="a">flexis&#xE9;curit&#xE9;</subfield>
  </datafield>
  <datafield tag="690" ind1=" " ind2=" ">
    <subfield code="a">autre code</subfield>
  </datafield>
  <datafield tag="690" ind1=" " ind2=" ">
    <subfield code="a">decent work</subfield>
  </datafield>
  <datafield tag="690" ind1=" " ind2=" ">
    <subfield code="a">core principles</subfield>
  </datafield>
  <datafield tag="690" ind1=" " ind2=" ">
    <subfield code="a">other code</subfield>
  </datafield>
  <datafield tag="690" ind1=" " ind2=" ">
    <subfield code="a">human rights at work</subfield>
  </datafield>
  <datafield tag="690" ind1=" " ind2=" ">
    <subfield code="a">adaptation to the enterprise</subfield>
  </datafield>
  <datafield tag="690" ind1=" " ind2=" ">
    <subfield code="a">flexicurity</subfield>
  </datafield>
  <datafield tag="690" ind1=" " ind2=" ">
    <subfield code="a">labour law reforms</subfield>
  </datafield>
  <datafield tag="786" ind1="0" ind2=" ">
    <subfield code="n">Travail et emploi | 158 | 2 | 2019-12-02 | p. 95-132 | 0224-4365</subfield>
  </datafield>
  <datafield tag="856" ind1="4" ind2="1">
    <subfield code="u">https://shs.cairn.info/revue-travail-et-emploi-2019-2-page-95?lang=fr&amp;redirect-ssocas=7080</subfield>
  </datafield>
  <datafield tag="999" ind1=" " ind2=" ">
    <subfield code="c">994782</subfield>
    <subfield code="d">994782</subfield>
  </datafield>
</record>
